Buvipesničky pesničky na dobrú noc

Bibliographic Details
Other Authors: Krajčovičová, Jana (uci), Kaňák, Vlado (uci), Smolka, Pavol (uci), Kupec, Juraj (uci), Niepelová, Erika (gup)
Format: Book
Language:Slovak
PhysicalDescription:1 kompaktná platňa stereo
Published: Starý Jíčin Tommü records 2001
Subjects:

MARC

LEADER 00000nam a2200000 a 4500
001 vtls001441829
003 SK-MaSNL
005 20260301202938.0
008 130607s2001 xo 0 slo
015 |a SNBJ2002/04-01736 
035 |a SNK000397029 
040 |a SNK  |b slo  |c SNK  |e AACR2 
044 |a xo  |c SK 
080 |a 784.67:785.1(086.7)  |2 1981 
245 1 |a Buvipesničky  |h zvukový dokument  |b pesničky na dobrú noc  |c Soňa Horňáková, Daniel Hevier 
260 |a Starý Jíčin  |b Tommü records  |c 2001 
300 |a 1 kompaktná platňa  |b stereo 
500 |a Dizajn Erika Niepelová 
505 0 |a Obsahuje 19 piesní 
511 |a Účinkujú Jana Krajčovičová, Vlado Kaňák, Pavol Smolka, Juraj Kupec 
650 0 7 |a populárna hudba  |x piesne pre deti  |x platne kompaktné  |2 SNK  |9 293164 
650 0 7 |a detské piesne  |2 SNK  |9 3415 
655 7 |a kompaktné platne  |2 SNK  |9 70690 
700 1 |a Krajčovičová, Jana  |4 uci  |9 7157 
700 1 |a Kaňák, Vlado  |4 uci  |9 8774 
700 1 |a Smolka, Pavol  |4 uci  |9 585741 
700 1 |a Kupec, Juraj  |4 uci  |9 28338 
700 1 |a Niepelová, Erika  |4 gup  |9 585742 
999 |c 900795  |d 902725 
952 |t P60, <03>, [BOOK], {603}  |a SNK  |b SNK  |y PREZ  |7 0  |p 17A0357714  |o snkSCD 1355  |i snkJK 626/2002  |0 0  |1 0  |4 0  |d 2002-10-03  |l 0  |r 2005-01-02 00:00:00  |w 2026-02-24